[Event "7th Llucmajor Open 2018"]
[Site "S'Arenal de Llucmajor"]
[Date "2018.05.18"]
[Round "7"]
[White "Stany, G A"]
[Black "Santos Latasa, Jaime"]
[Result "0-1"]
[WhiteElo "2489"]
[BlackElo "2552"]
[Annotator "TA"]
[PlyCount "74"]
[EventDate "2018.??.??"]
[EventType "swiss"]
[EventCountry "ESP"]
[SourceTitle "playchess.com"]
[Source "ChessBase"]
[SourceQuality "1"]

{[%evp 28,74,-9,-20,0,-10,24,15,30,28,22,33,23,27,35,0,47,-59,-54,-93,-89,-88,-66,-227,-71,-89,-90,-66,-101,-41,-40,-225,-221,-433,-412,-424,-400,-394,-384,-348,-358,-579,-414,-679,-661,-5531,-5316,-7120,-6725]} 1. e4 e5 2. Nf3 Nc6 3. Bb5 a6 4. Ba4 Nf6 5. O-O Be7 6. Re1 b5 7. Bb3 d6 8. c3 O-O 9. d4 Bg4 10. d5 Na5 11. Bc2 Qc8 12. Nbd2 c6 13. dxc6 Qxc6 14. Nf1 Nc4 15. a4 {LiveBook: 3 Games. C91: Closed Ruy Lopez: 7...d6 8 c3 0-0 9 d4} (15. Ne3 Nxe3 16. Bxe3 h6 17. a4 Be6 18. Bc1 Rfb8 19. Nd2 Nd7 20. Nf1 Nc5 21. Ne3 bxa4 22. Nd5 Bd8 23. Bxa4 Nxa4 24. Rxa4 {½-½ (37) Mamedov,N (2624)-Ding,L (2742) Kocaeli 2014}) 15... h6 16. Ng3 Rfd8 17. h3 {White has an edge.} Be6 18. Nh4 $146 ({Predecessor:} 18. Qe2 Nb6 19. axb5 axb5 20. Rxa8 Nxa8 {0-1 (46) Goy,W (1905)-Bellahcene,B (2361) Marseille 2012}) 18... Nb6 19. Qf3 Nbd7 20. Nhf5 Bf8 21. a5 d5 22. exd5 (22. Nh5 $1 $14 Nxh5 23. exd5 Bxd5 24. Qxh5) 22... Bxd5 $15 23. Ne4 Kh8 $1 24. b4 Rac8 25. Bd2 $2 {[#]} ({Better is} 25. Bb2 $1 $15) 25... Bxb4 $2 (25... Nxe4 $1 $19 {and Black stays clearly on top.} 26. Bxe4 Nf6 27. Bxd5 Rxd5) 26. Bxh6 gxh6 27. cxb4 {Threatens to win with Qe3.} Qxc2 28. Qe3 Nh7 {...Ng5! is the strong threat.} 29. Qxh6 $2 (29. Nfd6 $15 Bxe4 30. Rac1) 29... Rg8 $19 30. Rac1 $2 {[#]} (30. Neg3 {was worth a try.} Rg6 31. Qe3) 30... Rxg2+ $1 {[%mdl 512]} 31. Kh1 {[#]} (31. Kxg2 Bxe4+) 31... Qxc1 $1 {[%mdl 512]} 32. Rxc1 Rxc1+ 33. Qxc1 Bxe4 34. Ne3 $2 (34. Nd6 {keeps fighting.} Bd5 35. Nxf7+ Kg7 36. Nd6 Rxf2+ 37. Kg1 Rg2+ 38. Kf1) 34... Rg7+ 35. Kh2 (35. f3 $142 Bxf3+ 36. Kh2) 35... Ng5 {White must now prevent ...f5.Black is clearly winning.} 36. h4 Nf3+ 37. Kh3 Nf6 {Precision: White = 26%, Black = 66%.} 0-1

[Event "7th Llucmajor Open 2018"]
[Site "S'Arenal de Llucmajor"]
[Date "2018.05.19"]
[Round "7"]
[White "Abdumalik, Zhansaya"]
[Black "Sumets, Andrey"]
[Result "0-1"]
[WhiteElo "2484"]
[BlackElo "2577"]
[Annotator "TA"]
[PlyCount "138"]
[EventDate "2018.??.??"]
[EventType "swiss"]
[EventCountry "ESP"]
[SourceTitle "playchess.com"]
[Source "ChessBase"]
[SourceQuality "1"]

{[%evp 17,138,30,50,21,25,25,33,11,17,6,20,-18,20,8,17,13,74,68,100,88,83,41,62,38,38,38,38,36,64,10,17,22,29,-12,-13,-34,0,0,0,0,0,0,0,0,0,-1,-2,-10,-8,-14,-16,-28,-28,-28,-36,-56,-56,-156,-163,-150,-165,-166,-166,-198,-182,-166,-62,-62,-62,-62,-62,-308,-193,-194,-62,-62,-62,-62,-62,-62,-62,-62,-77,-77,-77,-77,-62,-62,-8,-62,-62,-79,-62,-62,-62,-29937,-29943,-12123,-11332,-6086,-4333,-29963,-29964,-29960,-29960,-29964,-29962,-29967,-29968,-29965,-29969,-29967,-29968,-29975,-29976,-29975,-29977,-29975,-29978,-29982,-29983,-29983,-29984]} 1. e4 c6 2. d4 d5 3. Nd2 dxe4 4. Nxe4 Nf6 5. Nxf6+ exf6 6. c3 Bd6 7. Bd3 O-O 8. Ne2 Re8 9. Qc2 {B15: Caro-Kann: 3 Nc3: 3...g6 and 3...dxe4 4 Nxe4 Nf6 5 Nxf6+ exf6} h5 {LiveBook: 27 Games} (9... g6 10. h4 Nd7 11. h5 Nf8 12. Be3 Be6 13. O-O-O a5 14. Kb1 a4 15. hxg6 fxg6 16. c4 Bf7 17. Nc3 a3 18. b3 f5 {0-1 (29) Saric,I (2669)-Jobava,B (2690) Riadh 2017}) 10. h3 Nd7 11. O-O $146 {White has an edge.} ({Predecessor:} 11. Be3 Nf8 12. O-O-O Be6 13. Kb1 Bd5 14. Rdg1 b5 15. Nf4 Bxf4 16. Bxf4 {½-½ (26) Khanin,S (2477)-Oparin,G (2584) Sochi 2018}) 11... Nf8 12. a4 Bc7 13. Re1 h4 14. Be3 Ne6 15. c4 {[%cal Bc3c4,Bc4c5][%mdl 32]} Qd6 {[#]} 16. Nf4 $1 {[%mdl 512]} Rd8 ({But not} 16... Nxf4 $2 17. Bxf4 Qd7 18. Rxe8+ Qxe8 19. Bxc7 $18) (16... Qb4 $11 17. Bd2 Qf8 18. Nxe6 Bxe6) 17. c5 $16 Qf8 18. Ne2 g6 19. Rad1 Ng7 20. Bc4 Be6 21. b4 Rd7 22. Bxe6 Nxe6 23. Qe4 (23. Qc4 $14) 23... f5 $11 24. Qxh4 Qd8 25. Qh6 Be5 26. Bc1 Nxd4 (26... a5 {is interesting.} 27. Qe3 Bf6 28. Qb3 axb4 29. Qxb4 Qa5) 27. Nxd4 Rxd4 28. Rxd4 Qxd4 29. Qd2 Qxd2 30. Bxd2 {[%mdl 4096] Endgame KRB-KRB} Bf6 31. Bf4 Bc3 32. Re7 Bxb4 33. Rxb7 Bxc5 34. Be3 Bxe3 35. fxe3 {KR-KR} a5 36. Rc7 Re8 37. Rxc6 (37. Ra7 $1 $15) 37... Re4 $17 ({Stronger than} 37... Rxe3 38. Rc5 $11) 38. Kf2 Rxa4 39. Ra6 Ra1 40. g4 fxg4 41. hxg4 {[%cal Bh3g4,Bg4g5][%mdl 32] [#]} a4 (41... Kf8 $1 $19 {And now ...a4 would win.} 42. Ke2 a4) 42. Ra8+ $1 $15 Kg7 {White must now prevent ...a3.} 43. g5 $1 a3 44. Kg2 $2 ({White must play} 44. Kf3 $1 $15) 44... a2 {Strongly threatening ...f5.} 45. e4 Rb1 (45... f5 $19 46. gxf6+ Kxf6) 46. Rxa2 Rb5 47. Kf3 Rxg5 48. Kf4 Rg1 49. Ra5 Rf1+ 50. Kg5 f6+ 51. Kg4 Re1 52. Kf3 g5 (52... Rb1 $15 53. Ra7+ Kh6) 53. Ra8 ({White should try} 53. Ra7+ $1 $11 Kh6 54. Ra6) 53... Rf1+ 54. Ke2 Rb1 (54... Rf4 {looks sharper.} 55. Ke3 Kg6 56. Rh8 Rf1 57. Ke2 Ra1) 55. Kf3 Rb3+ 56. Kg4 $2 {[%mdl 8192]} (56. Kf2 $15) 56... Kg6 57. Rg8+ Kf7 58. Ra8 Re3 59. Kh5 Rxe4 {[%csl Gg5][%cal Re4h4] Black mates.} 60. Ra7+ Ke6 61. Kg6 Rf4 62. Ra5 g4 {[%cal Bg5g4,Bg4g3][%mdl 32]} 63. Ra3 f5 {[%cal Bf6f5,Bf5f4][%mdl 32]} 64. Kg5 Rf3 65. Ra8 g3 66. Kh4 f4 67. Kh3 Rf2 68. Rg8 Kf5 {[%csl Gg3][%cal Rf2h2]} 69. Rf8+ Ke4 {Precision: White = 41%, Black = 67%.} 0-1

[Event "7th Llucmajor Open 2018"]
[Site "S'Arenal de Llucmajor"]
[Date "2018.05.19"]
[Round "7"]
[White "Alonso Bouza, Julio Javier"]
[Black "Galiana Salom, Juan Ramon"]
[Result "1/2-1/2"]
[WhiteElo "2408"]
[BlackElo "2284"]
[Annotator "TA"]
[PlyCount "201"]
[EventDate "2018.??.??"]
[EventType "swiss"]
[EventCountry "ESP"]
[SourceTitle "playchess.com"]
[Source "ChessBase"]
[SourceQuality "1"]

{[%evp 33,201,40,56,42,39,41,33,31,57,57,66,54,48,49,84,84,77,79,91,91,89,83,89,89,126,126,116,134,129,119,93,47,57,0,92,0,0,0,0,0,31,10,27,-47,-11,-36,0,-209,0,0,0,-41,-40,-52,-52,-221,-91,-122,-37,-37,-38,-166,-170,-184,-161,-152,0,0,0,0,0,0,0,0,96,100,112,0,281,0,0,0,283,0,0,0,0,0,275,0,177,180,167,167,175,175,190,0,171,113,121,120,238,238,269,170,156,0,269,269,269,176,1155,973,951,0,0,0,0,0,0,0,0,0,0,0,0,0,0,0,0,0,0,0,0,0,0,0,0,0,0,0,0,0,0,0,0,0,0,0,0,0,0,0,0,0,0,0,0,0,0,0,0,0,0,0,0,0,0,0]} 1. e4 e6 2. d4 d5 3. Nd2 Nf6 4. e5 Nfd7 5. Bd3 c5 6. c3 Nc6 7. Ne2 cxd4 8. cxd4 f6 9. exf6 Nxf6 10. Nf3 Bd6 11. O-O Qc7 12. h3 O-O 13. Be3 {C06: French Tarrasch: 3...Nf6 4 e5 Nfd7 5 Bd3 main lines} Bd7 14. Re1 Rae8 (14... Be8 15. Ng5 Bf7 16. Rc1 Kh8 17. a3 Bg8 18. b4 a6 19. g3 h6 20. Nf4 Bxf4 21. Bxf4 {1-0 (38) Navara,D (2729)-Michiels,B (2563) Wijk aan Zee 2015}) 15. Rc1 Re7 16. Nc3 a6 17. Ne5 Be8 {LiveBook: 3 Games} 18. f4 Nh5 19. Ne2 $146 ({Predecessor:} 19. Qd2 Qb6 20. Kh1 Bxe5 21. fxe5 Ng3+ 22. Kh2 Nf5 23. Bg1 {½-½ (41) Handke,F (2450)-Vuckovic,B (2455) Bermuda 2002}) 19... Qb6 20. Qd2 g6 21. a3 Bb8 22. Bb1 Ba7 23. Kh2 $36 {[%mdl 2048] White fights for an advantage.} Nxe5 24. fxe5 Ref7 25. Rc8 Bb5 26. Rxf8+ Rxf8 27. g4 Ng7 28. Ng1 Bc4 29. Rc1 Qd8 30. Kg3 Bb6 31. Bg5 Qd7 32. Bf6 Ne8 33. g5 (33. Bh4 $1 $14) 33... Ng7 {[#]} (33... Nxf6 $6 34. gxf6 a5 35. Nf3 $16) (33... Qb5 $11) 34. Nf3 (34. b3 $1 $16 {[%mdl 512]}) 34... Nh5+ 35. Kg2 Qb5 36. Nh2 Kf7 {[%cal Bg8f7,Bf7e8,Be8d7][%mdl 32]} 37. Ng4 Ke8 38. Kf3 (38. Bc2 $11) 38... Kd7 39. Ne3 Bb3 (39... Rc8 $5 {[%cal Rc4e2]} 40. Rc3 Bb3 $11) 40. Rc3 $2 (40. Bc2 $1 $11 {and White has nothing to worry.}) 40... Rc8 $2 (40... Ba5 $1 $19 41. h4 Bxc3 42. Qxc3 Rc8) 41. Rxc8 $11 Kxc8 42. Qc3+ Kd7 43. Bd3 Qa4 44. Nc2 $2 ({Only move:} 44. Bc2 $15 Bxc2 45. Nxc2) 44... a5 (44... Bxc2 $1 $19 45. Bxc2 Qxd4 46. Qxd4 Bxd4) 45. Ke3 Bxc2 ({Better is} 45... Ng3 $17 {Threatens to win with ...Nf5+.} 46. Ne1 Nf5+ 47. Bxf5 gxf5) 46. Bxc2 $15 {[%cal Rc2a4]} Bxd4+ 47. Qxd4 (47. Kf3 $15 Qc4 48. Qxc4 dxc4 49. Ba4+ Kc7 50. Bb5) 47... Qxc2 $19 48. Qb6 {Intending Qd6+ and mate.} Qc1+ 49. Ke2 Nf4+ $2 (49... Qc7 $1 $17 {[%cal Rc7b6]} 50. Qxc7+ Kxc7) 50. Kf3 $11 {Threatening mate with Qd6+.} Qf1+ 51. Kg4 Qxh3+ 52. Kxf4 Qh2+ 53. Kf3 Qh1+ (53... Qh3+ $11 {remains equal.} 54. Ke2 Qg4+ 55. Kd2 Qg2+ 56. Kc1 (56. Ke1 Qe4+ 57. Kd1 Qf3+ 58. Kd2 Qg2+ 59. Kc3 Qf3+ 60. Kd2 Qg2+ $11) 56... Qh1+ 57. Kc2 Qe4+ 58. Kc3 Qf3+ 59. Kc2 Qe4+ 60. Kc3 Qf3+ 61. Kd2 Qg2+ 62. Kd3 (62. Ke1 Qe4+ 63. Kf2 Qf4+ 64. Ke2 Qg4+ 65. Kf2 Qf4+ 66. Kg2 Qg4+ 67. Kh1 Qf3+ 68. Kh2 Qf4+ 69. Kg2 Qg4+ 70. Kh1 Qh3+ 71. Kg1 Qg3+ 72. Kf1 Qd3+ 73. Kg1 Qg3+ 74. Kf1 Qd3+ 75. Kf2 Qf5+ 76. Kg1 Qb1+ 77. Kh2 Qc2+ 78. Kh3 Qd3+ 79. Kh2 Qe2+ 80. Kg3 Qd3+ 81. Kh2 Qc2+ 82. Kh3 Qd3+ 83. Kh2 $11) 62... Qe4+ 63. Kc3) 54. Ke2 Qg2+ 55. Kd1 (55. Qf2 $1 $16 {[%cal Rf2g2]} Qe4+ 56. Kd2) 55... Qf1+ $2 {[%mdl 8192]} (55... Qh1+ $11 56. Ke2 Qe4+ 57. Qe3 Qc2+ 58. Qd2 Qe4+ 59. Kd1 Qb1+ 60. Qc1 Qd3+ 61. Ke1 Qg3+ 62. Ke2 Qg2+ 63. Kd1 Qf3+ 64. Kc2 Qe4+ 65. Kb3 b6) 56. Kd2 $2 (56. Kc2 $18 Qc4+ 57. Kd2 (57. Kb1 Qf1+ 58. Ka2 Qc4+ 59. Qb3 b5 $16) 57... Qf4+ 58. Qe3) 56... Qg2+ $1 57. Kd1 Qf1+ $2 {[%mdl 8192]} (57... Qh1+ $11 {and Black is okay.} 58. Ke2 Qe4+ 59. Qe3 Qc2+ 60. Qd2 Qe4+ 61. Kd1 Qb1+ 62. Qc1 Qe4) 58. Kd2 $2 (58. Kc2 $18 Qc4+ 59. Kd2 (59. Kb1 Qf1+ 60. Ka2 Qc4+ 61. Qb3 Qxb3+ 62. Kxb3 Kc6 $18) 59... Qf4+ 60. Qe3 Qh2+ 61. Kc3) 58... Qg2+ $1 59. Kc3 Qf3+ 60. Kc2 Qe2+ $2 {[%mdl 8192]} (60... Qe4+ $11 {and Black stays safe.} 61. Kc3 Qf3+ 62. Kc2 Qe4+ 63. Kd1 Qf3+ 64. Kd2 Qg2+) 61. Kc3 $2 (61. Kb1 $18 Qf1+ 62. Ka2 Qc4+ 63. Qb3) 61... Qc4+ $2 (61... Qf3+ $1 $11 62. Kd2 Qg2+) 62. Kd2 $18 {White wants to mate with Qd6+.} Qf4+ 63. Qe3 $1 {[%cal Re3f4]} Qc4 64. Qd3 {Qxc4 is the strong threat.} Qf4+ 65. Qe3 Qc4 $1 66. Qc3 (66. Qh3 $18 Qf4+ 67. Qe3) 66... Qf4+ $16 67. Kc2 Qe4+ {[#]} (67... a4 $16 68. Kb1 Qf1+ 69. Qc1 Qd3+ 70. Ka1 Qf3) 68. Qd3 $1 $18 Qa4+ 69. Qb3 Qe4+ 70. Qd3 (70. Kd2 $16 Qg2+ 71. Kc1 Qg1+ 72. Kc2 Qg2+ 73. Kb1 Qf1+ 74. Ka2) 70... Qa4+ $1 71. Kb1 b5 72. Ka2 Qc4+ $2 {[#]} (72... b4 73. Qe3 (73. Qa6 b3+ 74. Ka1 Qc6 $18) 73... Qb5 74. axb4 Qc4+ 75. Qb3 (75. b3 Qxb4 76. Qa7+ Ke8 $16) 75... axb4) 73. Qxc4 $1 bxc4 {[%mdl 4096] Endgame KB-KP} 74. Kb1 $2 ({White should play} 74. a4 $18 Ke8 75. Kb1) 74... a4 $1 $11 {The position is equal.} 75. Kc2 d4 76. Bg7 Ke7 77. Kd2 Kf7 78. Bf6 Ke8 79. Ke2 Kd7 80. Kf3 Ke8 81. Ke4 d3 $1 {[%cal Rd3d2] White must now prevent ...d2.} 82. Ke3 Kd7 83. Kd2 Ke8 $1 84. Kc3 Kd7 85. Bg7 Ke7 86. Bh8 Ke8 87. Bf6 Kd7 88. Bg7 {And now Bf8 would win.} Ke7 89. Bh6 Kf7 90. Kd2 Kg8 91. Kd1 Kf7 92. Kc1 Kg8 $1 93. Kd2 Kf7 94. Kc3 Kg8 95. b4 {White threatens b5 and mate.} cxb3 $1 96. Kxd3 Kf7 97. Kc3 Kg8 98. Kb2 Kf7 99. Kc3 Kg8 100. Kb2 Kf7 101. Kb1 {Precision: White = 55%, Black = 56%.} 1/2-1/2

[Event "7th Llucmajor Open 2018"]
[Site "S'Arenal de Llucmajor"]
[Date "2018.05.19"]
[Round "7"]
[White "Garcia Del Rey, Senen"]
[Black "Vega Gutierrez, Sabrina"]
[Result "1-0"]
[WhiteElo "2293"]
[BlackElo "2401"]
[Annotator "TA"]
[PlyCount "75"]
[EventDate "2018.??.??"]
[EventType "swiss"]
[EventCountry "ESP"]
[SourceTitle "playchess.com"]
[Source "ChessBase"]
[SourceQuality "1"]

{[%evp 22,75,70,33,58,64,58,54,105,108,105,103,92,104,115,109,126,116,128,102,139,135,130,130,129,116,131,123,264,173,364,364,320,210,273,273,303,273,273,275,270,207,197,97,326,306,342,331,509,507,500,500,700,723,1071,1071]} 1. e4 c5 2. Nf3 e6 3. c3 Nf6 4. e5 Nd5 5. d4 cxd4 6. cxd4 d6 7. Nc3 Nxc3 8. bxc3 Nc6 9. exd6 Qxd6 10. Bd3 Be7 11. O-O O-O 12. Qe2 Bd7 {B22: Sicilian: 2 c3} 13. Rb1 $146 ({Predecessor:} 13. Re1 Rae8 14. Qe4 {½-½ (14) Tropp,F (2080)-Kriebel,T (2321) Slovakia 2010}) 13... b6 14. Rd1 Na5 ({Black should play} 14... Rac8 $14) 15. Ne5 $16 Ba4 {[#]} 16. Re1 $1 {Nxf7! is the strong threat.} Rac8 17. Bf4 Rxc3 {[#]} 18. Ng6 $1 $40 {[%mdl 128] White wants a kill.} Qd8 19. Nxf8 Bxf8 20. Bd2 Rc8 21. Bxa5 bxa5 22. Qe4 {[%csl Gd3][%cal Re4h7]} g6 23. Rec1 Rxc1+ 24. Rxc1 Bg7 (24... Ba3 $16 25. Rb1 Bb4) 25. Ba6 {Hoping for Rc8.} Qb6 $2 (25... Bd7 26. Rb1 Qe8) 26. Rc8+ $18 Bf8 27. Qb7 Qxd4 28. Qe7 {[%csl Gc8][%cal Re7f8]} Qg7 29. h3 Bc6 30. Bc4 Qh6 31. f4 Qg7 32. Kh2 (32. Qxa7 $18 Be4 33. Qc5) 32... Qh6 $2 (32... Bxg2 $16 {might work better.} 33. Rxf8+ (33. Kxg2 Qb2+ 34. Kh1 Qc1+ 35. Kh2 Qc2+ 36. Kg1 Qc1+ 37. Kf2 Qc2+ 38. Kf3 Qc3+ 39. Kf2 Qc2+ 40. Ke1 Qc1+ 41. Ke2 Qc2+ 42. Ke1 Qc1+ 43. Ke2 Qc2+ 44. Ke3 Qc3+ 45. Kf2 Qc2+ $11) 33... Qxf8 34. Qxf8+ Kxf8 35. Kxg2 Ke7) 33. Kg3 Qg7 34. Bxe6 Qc3+ (34... Bxg2 {keeps fighting.} 35. Kxg2 fxe6 36. Qxe6+ Qf7 37. Qxf7+ Kxf7 38. Rc7+ Kg8 39. Rxa7 Bb4) 35. Kh2 {[%csl Gc8][%cal Re7f8] White is clearly winning.} Qg7 36. Bc4 Ba4 37. Qd8 h5 38. Rc7 {Precision: White = 70%, Black = 25%.} 1-0

[Event "7th Llucmajor Open 2018"]
[Site "S'Arenal de Llucmajor"]
[Date "2018.05.19"]
[Round "8"]
[White "Sumets, Andrey"]
[Black "Prithu Gupta"]
[Result "*"]
[WhiteElo "2577"]
[BlackElo "2424"]
[Annotator "TA"]
[PlyCount "26"]
[EventDate "2018.??.??"]
[EventType "swiss"]
[EventCountry "ESP"]
[SourceTitle "playchess.com"]
[Source "ChessBase"]
[SourceQuality "1"]

{[%evp 22,26,35,12,47,37,56]} 1. d4 d5 2. c4 e6 3. Nf3 Nf6 4. g3 dxc4 5. Bg2 a6 6. O-O b5 7. Ne5 Nd5 8. a4 Bb7 9. axb5 {E04: Katalanisch} axb5 10. Rxa8 Bxa8 11. e4 Nf6 12. Nc3 {LiveBook: 80 Partien} Be7 (12... c6 13. d5 Bd6 14. Bf4 cxd5 15. exd5 Bxe5 16. Bxe5 O-O 17. dxe6 Bxg2 18. exf7+ Kxf7 19. Kxg2 Qxd1 20. Rxd1 b4 21. Nb5 {1-0 (69) Andersen,M (2589)-Van Wely,L (2663) Netherlands 2017}) 13. Nxb5 {Und Da4 würde nun gewinnen.} O-O $146 ({Vorgänger:} 13... Bxe4 14. Bxe4 Nxe4 15. Qg4 Ng5 16. h4 h5 {1-0 (33) Donchenko,A (2499)-Meier,V (2255) Biel 2014}) *

[Event "7th Llucmajor Open 2018"]
[Site "S'Arenal de Llucmajor"]
[Date "2018.05.19"]
[Round "8"]
[White "Santos Latasa, Jaime"]
[Black "Postny, Evgeny"]
[Result "*"]
[WhiteElo "2552"]
[BlackElo "2576"]
[Annotator "TA"]
[PlyCount "44"]
[EventDate "2018.??.??"]
[EventType "swiss"]
[EventCountry "ESP"]
[SourceTitle "playchess.com"]
[Source "ChessBase"]
[SourceQuality "1"]

{[%evp 29,44,54,62,56,103,45,100,58,70,20,97,97,95,80,72,41,51]} 1. e4 e5 2. Nf3 Nc6 3. Bb5 {[%cal Bf1b5,Bb5a4,Ba4b3][%mdl 32]} a6 4. Ba4 Nf6 5. O-O Be7 6. Re1 b5 7. Bb3 d6 8. c3 O-O 9. h3 Na5 10. Bc2 c5 11. d4 Qc7 12. d5 Bd7 13. b3 {[%cal Bb2b3,Bb3b4][%mdl 32] C97: Closed Ruy Lopez: Chigorin Defence: 11 d4 Qc7, sidelines} Rfb8 (13... c4 14. b4 Nb7 15. a4 Rfb8 16. Be3 Nd8 17. Qe2 Ne8 18. Nbd2 f6 19. Ra3 {0-1 (59) Volokitin,A (2632)-Postny,E (2575) Berlin 2018}) 14. Nbd2 c4 15. b4 Nb7 {LiveBook: 3 Games} 16. a4 Ne8 $146 {[#]} ({Predecessor:} 16... h6 17. a5 Rf8 18. Nf1 Kh7 19. g4 Ng8 20. Ng3 g6 21. Nh2 {1-0 (33) Uran Bermudez,O (2105)-Reina Velandia,J Benidorm 2011}) 17. Nf1 (17. a5 $1 $16) 17... Nd8 (17... a5 $14) 18. Be3 g6 19. g4 Ng7 (19... Nf6 $11) 20. Ng3 $16 f6 21. Qd2 Nf7 22. Ra3 Qc8 *

[Event "7th Llucmajor Open 2018"]
[Site "S'Arenal de Llucmajor"]
[Date "2018.05.19"]
[Round "8"]
[White "Swayams, Mishra"]
[Black "Zumsande, Martin"]
[Result "*"]
[WhiteElo "2447"]
[BlackElo "2450"]
[Annotator "TA"]
[PlyCount "38"]
[EventDate "2018.??.??"]
[EventType "swiss"]
[EventCountry "ESP"]
[SourceTitle "playchess.com"]
[Source "ChessBase"]
[SourceQuality "1"]

{[%evp 25,30,0,20,-29,-29,-20,-26]} 1. d4 d5 2. Bf4 Nf6 3. e3 e6 4. Nd2 c5 5. c3 Nc6 6. Ngf3 Bd6 7. Bg3 O-O 8. Bd3 b6 9. Qe2 {D02: Damenbauernspiele} Bb7 10. Rd1 Re8 11. e4 Be7 12. e5 Nh5 13. a3 g6 {LiveBook: 9 Partien} 14. Nf1 f5 {[#] Droht ...f4 und aus.} 15. exf6 Bxf6 {[#]} {Vorgänger:} 16. Ne3 $146 e5 17. dxe5 Nxe5 18. Nxe5 Nxg3 19. hxg3 Rxe5 {0-1 (34) Sedlak,N (2537)-So,W (2782) Baku 2016} *

[Event "7th Llucmajor Open 2018"]
[Site "S'Arenal de Llucmajor"]
[Date "2018.05.19"]
[Round "8"]
[White "Bracker, Frank"]
[Black "Fier, Alexandr"]
[Result "*"]
[WhiteElo "2388"]
[BlackElo "2580"]
[Annotator "TA"]
[PlyCount "48"]
[EventDate "2018.??.??"]
[EventType "swiss"]
[EventCountry "ESP"]
[SourceTitle "playchess.com"]
[Source "ChessBase"]
[SourceQuality "1"]

{[%evp 37,38,-28,38]} 1. e4 c5 2. Nf3 e6 3. d4 cxd4 4. Nxd4 Nc6 5. Nc3 Qc7 6. Be2 Nf6 7. O-O Be7 8. Be3 O-O 9. f4 d6 10. Kh1 Bd7 11. Nb3 a6 12. a4 b6 13. Bf3 Rfe8 14. g4 Bc8 15. g5 Nd7 16. Bg2 Bb7 17. Qh5 {B85: Sicilian Scheveningen: 6 Be2 a6, lines with early Be3} g6 18. Qh4 Nb4 19. Rac1 Bf8 {[#] LiveBook: 3 Games} ({Better is} 19... f5 $11) {Predecessor:} 20. Rf3 $146 Bg7 21. Rh3 Nf8 22. Qf2 Nd7 23. Rf1 Re7 24. Nd4 Qc4 {1-0 (38) Petrosian,T (2580)-Geller,J (2500) Dresden 2007} *

[Event "7th Llucmajor Open 2018"]
[Site "S'Arenal de Llucmajor"]
[Date "2018.05.19"]
[Round "8"]
[White "Roeder, Matthias"]
[Black "Stany, G A"]
[Result "*"]
[WhiteElo "2370"]
[BlackElo "2489"]
[Annotator "TA"]
[PlyCount "33"]
[EventDate "2018.??.??"]
[EventType "swiss"]
[EventCountry "ESP"]
[SourceTitle "playchess.com"]
[Source "ChessBase"]
[SourceQuality "1"]

{[%evp 16,17,28,22]} 1. Nf3 d5 2. d4 Nf6 3. c4 c6 4. cxd5 cxd5 5. Nc3 g6 6. Bf4 Nc6 7. e3 Bg7 8. h3 O-O 9. Bd3 {LiveBook: 113 Games} {Predecessor:} Nd7 $146 10. Nxd5 e5 11. dxe5 Ndxe5 12. Nxe5 Qxd5 13. Nxc6 Qxc6 14. O-O Bxb2 15. Rb1 Bg7 16. Rc1 Qb6 17. Bc7 {1-0 (53) Cordova,E (2637)-Quesada Perez,Y (2533) Villahermosa 2016} *

[Event "7th Llucmajor Open 2018"]
[Site "S'Arenal de Llucmajor"]
[Date "2018.05.20"]
[Round "9"]
[White "Fedorchuk, Sergey A"]
[Black "Alonso Rosell, Alvar"]
[Result "1/2-1/2"]
[WhiteElo "2637"]
[BlackElo "2513"]
[Annotator "TA"]
[PlyCount "32"]
[EventDate "2018.??.??"]
[EventType "swiss"]
[EventCountry "ESP"]
[SourceTitle "playchess.com"]
[Source "ChessBase"]
[SourceQuality "1"]

{[%evp 15,17,31,44,27]} 1. e4 e5 2. Nf3 Nc6 3. Bb5 a6 4. Ba4 d6 5. c3 Bd7 6. O-O g6 7. d4 Bg7 8. Re1 Nf6 {LiveBook: 106 Partien} 9. h3 {C79: Spanische Partie (Russische Variante)} {Vorgänger:} O-O $146 10. Bc2 Re8 11. Nbd2 b6 12. Nf1 h6 13. Ng3 Qe7 14. Be3 Qf8 15. Qd2 Rad8 16. Rad1 Na7 {0-1 (42) Hou,Y (2652)-Caruana,F (2802) chess.com INT 2017} 1/2-1/2

[Event "7th Llucmajor Open 2018"]
[Site "S'Arenal de Llucmajor"]
[Date "2018.05.20"]
[Round "9"]
[White "Zhigalko, Sergei"]
[Black "Levin, Felix"]
[Result "1-0"]
[WhiteElo "2606"]
[BlackElo "2470"]
[Annotator "TA"]
[PlyCount "100"]
[EventDate "2018.??.??"]
[EventType "swiss"]
[EventCountry "ESP"]
[SourceTitle "playchess.com"]
[Source "ChessBase"]
[SourceQuality "1"]

{[%evp 18,100,0,0,0,0,22,0,11,7,18,0,0,0,0,-7,0,-20,0,-12,0,0,0,0,0,-36,-34,-30,0,0,0,0,0,0,3,0,8,3,27,15,38,6,32,27,27,27,36,23,31,27,27,23,27,26,112,105,145,95,129,102,200,192,335,360,479,245,385,378,377,345,372,360,601,593,924,914,902,902,1223,1223,1083,1077,1025,1008,1291]} 1. e4 e5 2. Nf3 Nc6 3. Bb5 Nf6 4. d3 Bc5 5. Bxc6 dxc6 6. Nbd2 {C65: Spanische Partie (Berliner-Verteidigung)} (6. O-O Qe7 7. h3 Rg8 8. Kh1 Nh5 9. c3 g5 10. Nxe5 g4 11. d4 Bd6 12. g3 Bxe5 13. dxe5 Qxe5 {0-1 (27) Aronian,L (2794)-Kramnik,V (2800) Berlin 2018}) 6... Be6 7. O-O Nd7 8. Nb3 Bb6 9. Ng5 Bxb3 10. axb3 {LiveBook: 22 Partien} f6 11. Nf3 O-O 12. Be3 $146 ({Vorgänger:} 12. Nd2 Nc5 13. Nc4 Qd7 {1-0 (40) Robson,R (2660)-Izoria,Z (2599) Saint Louis 2018}) 12... Re8 13. Nh4 Nf8 14. g3 Bxe3 15. fxe3 c5 16. Qe2 a5 17. Rf2 Qd7 18. Raf1 a4 19. bxa4 Rxa4 20. b3 Ra6 21. Nf3 Qe6 22. Rg2 Rea8 23. g4 Ra1 24. h4 Rxf1+ 25. Qxf1 Nd7 26. Kh2 Kh8 27. Qe1 g6 28. Qg3 h6 29. Rf2 Kg7 30. h5 {hxg6 ist eine echte Drohung.} g5 31. Nd2 {[%cal Bf3d2,Bd2f1,Bf1g3][%mdl 32]} Ra2 32. Nf1 Nb6 {[%cal Bd7b6,Bb6c8,Bc8d6][%mdl 32]} 33. Qf3 Nc8 34. Ng3 Nd6 35. Kh3 c6 (35... b5 $11 {hält das Gleichgewicht.}) 36. Qd1 $16 Ra8 37. Rd2 Kh7 38. d4 cxd4 (38... exd4 $16 39. exd4 c4) 39. exd4 $18 Nf7 (39... Kg8 {ist wohl besser.} 40. dxe5 Nf7) 40. d5 Qe8 41. dxc6 (41. Qf3 $142 {Droht Df5+ und aus.} Qe7 42. Qf5+ Kh8 43. dxc6) 41... Qxc6 (41... bxc6 $142 42. Qf3 Qe6) 42. Rd7 Kg8 43. Qd5 Qxd5 44. exd5 {[%cal Be4d5,Bd5d6][%mdl 4128] Endspiel KTS-KTS} Rc8 $2 {[#]} (44... e4 45. Nxe4 b5) 45. c4 {Weiß steht klar auf Gewinn.} b5 46. Nf5 Rc5 47. d6 bxc4 48. Rc7 Rb5 49. bxc4 Rb3+ 50. Kg2 e4 {Precision: Weiß = 64%, Schwarz = 34%.} 1-0